| 000 | 003790000a22001690004500 | ||
|---|---|---|---|
| 060 | _a100 | ||
| 082 | _a531.6 CHO | ||
| 100 | _aChoe, Boum Jong | ||
| 100 | _aLambertini, Adrian | ||
| 100 | _aPollak, Peter | ||
| 245 | _aGlobal energy prospects | ||
| 260 | _aU S A, World bank staff | ||
| 260 | _c1981 | ||
| 300 | _a65 | ||
| 650 | _aGlobal energy prospects | ||
| 942 | _cBK | ||
| 999 |
_c358888 _d358888 |
||